AAD: Art, Architecture, Design New York /

Na minha lista:
Detalhes bibliográficos
Outros Autores: Farameh, Patrice (Editor)
Formato: Livro
Idioma:inglês
alemão
francês
espanhol
Publicado em: Kempen: teNeues Verlag, 2010
Assuntos:
Tags: Adicionar Tag
Sem tags, seja o primeiro a adicionar uma tag!

MARC

LEADER 00000nam a22000003a 4500
001 0092160
003 SK-STU
005 20211208112931.5
007 ta
008 211208s ----xo-----e------000-0-----d
020 |a 978-3-8327-9435-4 
040 |a STU  |b slo 
041 0 |a eng  |a ger  |a fre  |a spa 
044 |a gw 
100 1 |a Farameh, Patrice  |4 edt  |r Z6 
245 1 0 |a AAD:  |b Art, Architecture, Design  |p New York /  |c ed. Patrice Farameh 
260 |a Kempen:  |b teNeues Verlag,  |c 2010 
300 |a 165 s. 
650 0 7 |a architektúra a dizajn 
650 0 7 |a umenie 
650 0 7 |a New York 
996 |c V* 53261/O-24421  |d New York /  |l VV24  |s P  |a 0  |w 0092160_0001